[Event "ISR-ch Open 2018"]
[Site "Ma'alot-Tarshih"]
[Date "2018.12.17"]
[Round "6"]
[White "Chernomordik, Pavel"]
[Black "Libman, Guy"]
[Result "0-1"]
[WhiteElo "2277"]
[BlackElo "2299"]
[Annotator "NA"]
[PlyCount "130"]
[EventDate "2018.12.12"]
[EventType "swiss"]
[EventCountry "ISR"]
[SourceTitle "playchess.com"]
[Source "ChessBase"]
[SourceQuality "1"]
[TimeControl "40/5400+30:1800+30"]

1. e4 {[%emt 0:01:55]} e5 {[%emt 0:00:00]} 2. Nf3 {[%emt 0:00:38]} Nc6 {[%emt 0:00:00]} 3. Nc3 {[%emt 0:00:05]} Nf6 {[%emt 0:00:00]} 4. d4 {[%emt 0:00:06]} exd4 {[%emt 0:00:00]} 5. Nxd4 {[%emt 0:00:12]} Bb4 {[%emt 0:00:09]} 6. Nxc6 {[%emt 0:00:04]} bxc6 {[%emt 0:00:05]} 7. Bd3 {[%emt 0:00:03]} d5 {[%emt 0:00:05]} 8. exd5 {[%emt 0:00:02]} cxd5 {[%emt 0:00:08]} 9. O-O {[%emt 0:00:27]} O-O {[%emt 0:00:04]} 10. h3 {[%emt 0:00:04] C47: Scotch Four Knights and Four Knights with 4 g3} c6 {[%emt 0:00:44]} 11. Qf3 {[%emt 0:00:17]} Bd6 {[%emt 0:00:17]} 12. Be3 {[%emt 0:02:51]} (12. Bf4 Be6 13. Rfe1 Bxf4 14. Qxf4 Qb8 15. Qxb8 Raxb8 16. Na4 Nd7 17. b3 c5 {½-½ (35) Nakamura,H (2777)-So,W (2780) Saint Louis 2018}) 12... Be5 $146 {[%emt 0:05:33]} ({Predecessor:} 12... Be6 13. Rad1 c5 14. Bg5 Rb8 15. Nb5 Be7 16. c4 a6 17. Na7 Qd7 18. Bxf6 Bxf6 19. cxd5 Bxd5 20. Qxd5 Qxd5 21. Bxh7+ Kxh7 22. Rxd5 Rxb2 23. Rxc5 {½-½ (27) Wielebinski,P (1934)-Kuegel,T (2243) Verden 2016}) 13. Bc5 {[%emt 0:04:50]} Re8 {[%emt 0:01:50]} 14. Rab1 {[%emt 0:03:23]} Nd7 {[%emt 0:06:52]} 15. Ba3 {[%emt 0:02:45]} Rb8 {[%emt 0:03:45]} 16. Na4 {[%emt 0:06:45]} g6 {[%emt 0:10:45]} 17. b3 {[%emt 0:06:15]} Bg7 {[%emt 0:03:56]} 18. Bb2 {[%emt 0:06:53]} Bxb2 {[%emt 0:04:16]} 19. Nxb2 {[%emt 0:01:41]} Qa5 {[%emt 0:01:31]} 20. Qf4 {[%emt 0:07:13]} Qb4 $11 {[%emt 0:11:40]} 21. c4 {[%emt 0:03:29]} Rb7 {[%emt 0:03:05]} 22. Bc2 {[%emt 0:04:46]} Nf8 {[%emt 0:05:48]} 23. Nd3 {[%emt 0:01:55]} Qc3 {[%emt 0:00:24]} 24. Rbc1 {[%emt 0:01:07]} Ne6 {[%emt 0:04:02]} 25. Qd6 {[%emt 0:08:12]} Rd8 {[%emt 0:15:08]} 26. Qe5 {[%emt 0:06:50]} Qxe5 {[%emt 0:00:29]} 27. Nxe5 {[%emt 0:00:02]} Nd4 {[%emt 0:00:36]} 28. Bd1 {[%emt 0:00:40]} Re7 {[%emt 0:02:15]} 29. f4 {[%emt 0:03:41]} f6 {[%emt 0:05:28]} 30. Nf3 {[%emt 0:03:10]} dxc4 {[%emt 0:00:11]} 31. bxc4 {[%emt 0:05:00]} c5 {[%emt 0:03:36]} 32. Nxd4 {[%emt 0:05:03]} Rxd4 {[%emt 0:00:42]} 33. Rb1 {[%emt 0:03:08]} Ba6 {[%emt 0:02:37]} 34. Bf3 {[%emt 0:07:06]} Bxc4 {[%emt 0:02:02]} 35. Rfc1 {[%emt 0:01:25]} Kg7 {[%emt 0:00:25]} 36. Rb2 {[%emt 0:01:16]} Bd5 {[%emt 0:02:33]} 37. Bxd5 {[%emt 0:01:29]} Rxd5 {[%emt 0:00:03]} 38. Rc4 {[%emt 0:01:46]} Rc7 {[%emt 0:00:52]} 39. Rbc2 {[%emt 0:00:39]} Kf7 {[%emt 0:00:04]} 40. Kf2 {[%emt 0:00:22]} Ke7 {[%emt 0:00:09]} 41. Re2+ {[%emt 0:04:36]} Kd7 {[%emt 0:01:42]} 42. Rce4 {[%emt 0:03:16]} f5 {[%emt 0:02:21]} 43. Re6 {[%emt 0:05:38]} Rd6 {[%emt 0:00:24]} 44. Re8 {[%emt 0:02:04]} Kc6 {[%emt 0:00:38]} 45. g4 {[%emt 0:04:48]} c4 {[%emt 0:01:06]} 46. gxf5 {[%emt 0:01:31]} gxf5 {[%emt 0:00:05]} 47. R8e5 {[%emt 0:03:02]} Rd5 {[%emt 0:02:32]} 48. Ke1 {[%emt 0:02:17]} Rcd7 {[%emt 0:01:11]} 49. Re8 {[%emt 0:05:42]} Rd1+ {[%emt 0:02:58]} 50. Kf2 {[%emt 0:00:01]} R1d2 {[%emt 0:01:18]} 51. Rf8 {[%emt 0:02:18]} Rxe2+ {[%emt 0:04:04]} 52. Kxe2 {[%emt 0:00:02]} c3 {[%emt 0:09:54]} 53. Rc8+ {[%emt 0:01:05]} Rc7 {[%emt 0:00:02]} 54. Rxc7+ {[%emt 0:00:16]} Kxc7 {[%emt 0:00:03]} 55. Kd3 {[%emt 0:00:02]} Kc6 {[%emt 0:00:17]} 56. Kxc3 {[%emt 0:00:11]} Kc5 {[%emt 0:00:15]} 57. Kd3 {[%emt 0:02:07]} Kd5 {[%emt 0:00:24]} 58. a3 {[%emt 0:00:46]} a6 {[%emt 0:00:36]} 59. h4 {[%emt 0:00:45]} h5 {[%emt 0:01:19]} 60. Ke3 {[%emt 0:01:15]} Kc4 {[%emt 0:00:21]} 61. a4 {[%emt 0:00:02]} a5 {[%emt 0:00:35]} 62. Ke2 {[%emt 0:00:23]} Kd4 {[%emt 0:00:18]} 63. Kd2 {[%emt 0:00:08]} Ke4 {[%emt 0:00:18]} 64. Kc3 {[%emt 0:00:44]} Kxf4 {[%emt 0:00:07]} 65. Kc4 {[%emt 0:00:00]} Ke5 {[%emt 0:17:33] Kd4+} 0-1

[Event "ISR-ch Open 2018"]
[Site "Ma'alot-Tarshih"]
[Date "2018.12.17"]
[Round "6"]
[White "Frenkel, Ran"]
[Black "Zhizmer, Yuri"]
[Result "1/2-1/2"]
[WhiteElo "2252"]
[BlackElo "2326"]
[Annotator "NA"]
[PlyCount "234"]
[EventDate "2018.12.12"]
[EventType "swiss"]
[EventCountry "ISR"]
[SourceTitle "playchess.com"]
[Source "ChessBase"]
[SourceQuality "1"]
[TimeControl "40/5400+30:1800+30"]

1. c4 {[%emt 0:00:00]} c6 {[%emt 0:00:00]} 2. e4 {[%emt 0:00:00]} d5 {[%emt 0:00:00]} 3. exd5 {[%emt 0:00:00]} cxd5 {[%emt 0:00:00]} 4. d4 {[%emt 0:00:00]} Nf6 {[%emt 0:00:14]} 5. Nc3 {[%emt 0:00:00]} e6 {[%emt 0:00:36]} 6. Bg5 {[%emt 0:00:00]} Be7 {[%emt 0:00:32]} 7. Nf3 {[%emt 0:00:07]} O-O {[%emt 0:00:15]} 8. Bd3 {[%emt 0:03:38]} dxc4 {[%emt 0:00:42]} 9. Bxc4 {[%emt 0:01:17]} b6 {[%emt 0:03:15]} 10. O-O {[%emt 0:00:17]} Bb7 {[%emt 0:01:15]} 11. Qe2 {[%emt 0:01:45]} Nc6 {[%emt 0:06:59]} 12. Rad1 {[%emt 0:03:54]} Nb4 {[%emt 0:09:27] E12: Queen's Indian: Unusual White 4th moves, 4 a3, 4 Nc3 Bb7 5 a3 and 4 Nc3 Bb7} 13. Rfe1 {[%emt 0:05:14]} Nbd5 {[%emt 0:01:12]} 14. Ne5 {[%emt 0:12:05] LiveBook: 3 Games} Nxc3 {[%emt 0:05:35]} (14... h6 15. Bc1 Rc8 16. Rd3 Nxc3 17. bxc3 b5 18. Bb3 Ne4 19. Qg4 {1-0 (39) Cheparinov,I (2650)-Battaglini,G (2452) Bastia 2011}) 15. bxc3 {[%emt 0:01:20]} Ne4 {[%emt 0:02:26]} 16. Bxe7 {[%emt 0:06:27]} Qxe7 {[%emt 0:00:03]} 17. Qc2 $146 {[%emt 0:02:06]} ({Predecessor:} 17. Qd3 Nd6 18. Bb3 Rfd8 19. h3 Rac8 20. Rc1 Rc7 21. Re3 Qg5 22. Qf1 {½-½ (23) Kucera,P (2025)-Rozsafny,M (1740) Usti nad Labem 2009}) 17... Nf6 {[%emt 0:05:20]} 18. Re3 {[%emt 0:04:53]} Rac8 {[%emt 0:02:42]} 19. Rde1 {[%emt 0:07:29]} Nd5 {[%emt 0:08:17]} 20. Rh3 {[%emt 0:07:34]} g6 {[%emt 0:06:24]} 21. Rg3 {[%emt 0:18:56]} Rc7 $11 {[%emt 0:08:02]} 22. Bb3 {[%emt 0:07:35]} Qh4 {[%emt 0:10:42]} 23. Qd2 {[%emt 0:06:31]} Qf4 {[%emt 0:01:06]} 24. Qb2 {[%emt 0:00:16]} Ne7 {[%emt 0:04:09]} 25. Rg4 {[%emt 0:03:17]} Qh6 {[%emt 0:00:53]} 26. c4 {[%emt 0:00:37]} Nf5 {[%emt 0:02:19]} 27. c5 {[%emt 0:03:34]} Rd8 {[%emt 0:03:37]} 28. Nxf7 {[%emt 0:01:53]} Rxf7 {[%emt 0:00:47]} 29. Bxe6 {[%emt 0:00:10]} Bd5 {[%emt 0:05:14]} 30. Bxf7+ {[%emt 0:00:04]} Bxf7 {[%emt 0:00:07]} 31. cxb6 {[%emt 0:00:03]} axb6 {[%emt 0:00:17]} 32. Qxb6 {[%emt 0:00:11]} Qf8 {[%emt 0:01:49]} 33. Rge4 {[%emt 0:02:08]} Bxa2 {[%emt 0:01:38]} 34. Qxd8 {[%emt 0:00:26]} Qxd8 {[%emt 0:00:05]} 35. Re8+ {[%emt 0:00:02]} Qxe8 {[%emt 0:00:04]} 36. Rxe8+ {[%emt 0:00:03]} Kf7 {[%emt 0:00:15]} 37. Ra8 {[%emt 0:00:04]} Bd5 {[%emt 0:00:12]} 38. Ra7+ {[%emt 0:00:11]} Ne7 {[%emt 0:02:12]} 39. f3 {[%emt 0:00:13]} h5 {[%emt 0:00:35]} 40. Kf2 {[%emt 0:01:42]} Kf6 {[%emt 0:00:19]} 41. Ra6+ {[%emt 0:32:34]} Kf7 {[%emt 0:31:46]} 42. Ke3 {[%emt 0:00:00]} g5 {[%emt 0:00:00]} 43. g4 {[%emt 0:00:00]} hxg4 {[%emt 0:00:00]} 44. fxg4 {[%emt 0:00:00]} Ng6 {[%emt 0:00:00]} 45. Ra7+ {[%emt 0:00:00]} Kf6 {[%emt 0:00:00]} 46. Ra6+ {[%emt 0:00:00]} Kf7 {[%emt 0:00:00]} 47. Ra1 {[%emt 0:00:00]} Ke7 {[%emt 0:00:00]} 48. Ra5 {[%emt 0:00:00]} Kd6 {[%emt 0:00:00]} 49. Ra6+ {[%emt 0:00:00]} Bc6 {[%emt 0:00:00]} 50. d5 {[%emt 0:00:00]} Kxd5 {[%emt 0:00:00]} 51. Ra5+ {[%emt 0:00:00]} Ke6 {[%emt 0:00:00]} 52. Rxg5 {[%emt 0:00:00]} Kf6 {[%emt 0:00:00]} 53. Rh5 {[%emt 0:00:00]} Ba4 {[%emt 0:00:00]} 54. Kf2 {[%emt 0:00:00]} Bc2 {[%emt 0:00:00]} 55. Rc5 {[%emt 0:00:00]} Bd1 {[%emt 0:00:00]} 56. Kg3 {[%emt 0:00:00]} Ne5 {[%emt 0:00:00]} 57. h3 {[%emt 0:00:00]} Ke6 {[%emt 0:00:00]} 58. Rc1 {[%emt 0:00:00]} Ba4 {[%emt 0:00:00]} 59. Rf1 {[%emt 0:01:09]} Bb5 {[%emt 0:00:00]} 60. Rf2 {[%emt 0:00:19]} Ba4 {[%emt 0:00:00]} 61. Ra2 {[%emt 0:03:15]} Bb5 {[%emt 0:00:00]} 62. h4 {[%emt 0:00:32]} Bc4 {[%emt 0:00:00]} 63. Rf2 {[%emt 0:00:13]} Nd3 {[%emt 0:00:57]} 64. Rf8 {[%emt 0:00:30]} Ke7 {[%emt 0:00:12]} 65. Rf3 {[%emt 0:00:34]} Ne5 {[%emt 0:00:16]} 66. Rf4 {[%emt 0:02:41]} Be6 {[%emt 0:00:26]} 67. g5 {[%emt 0:00:11]} Nf7 {[%emt 0:08:06]} 68. Re4 {[%emt 0:01:14]} Nd6 {[%emt 0:00:12]} 69. Re5 {[%emt 0:00:57]} Nf5+ {[%emt 0:00:49]} 70. Kg4 {[%emt 0:00:05]} Ng7+ {[%emt 0:01:13]} 71. Kf4 {[%emt 0:00:37]} Kf7 {[%emt 0:00:32]} 72. Ra5 {[%emt 0:00:24]} Kg6 {[%emt 0:00:59]} 73. Ra7 {[%emt 0:00:26]} Nh5+ {[%emt 0:01:40]} 74. Ke5 {[%emt 0:00:06]} Bg4 {[%emt 0:00:15]} 75. Ra6+ {[%emt 0:01:03]} Kg7 {[%emt 0:00:14]} 76. Rh6 {[%emt 0:00:43]} Be2 {[%emt 0:00:55]} 77. Kf5 {[%emt 0:02:03]} Bd3+ {[%emt 0:00:36]} 78. Kg4 {[%emt 0:00:40]} Be2+ {[%emt 0:00:10]} 79. Kh3 {[%emt 0:00:06]} Bf1+ {[%emt 0:01:27]} 80. Kh2 {[%emt 0:00:17]} Be2 {[%emt 0:00:05]} 81. Kg1 {[%emt 0:00:24]} Bg4 {[%emt 0:00:40]} 82. Kf2 {[%emt 0:00:12]} Bd1 {[%emt 0:00:21]} 83. Rd6 {[%emt 0:00:06]} Bg4 {[%emt 0:01:27]} 84. Rd4 {[%emt 0:00:04]} Bf5 {[%emt 0:00:26]} 85. Kf3 {[%emt 0:00:07]} Bg6 {[%emt 0:01:38]} 86. Rd7+ {[%emt 0:00:08]} Kf8 {[%emt 0:00:42]} 87. Rd6 {[%emt 0:01:50]} Kg7 {[%emt 0:00:08]} 88. Kg4 {[%emt 0:00:30]} Kh7 {[%emt 0:00:32]} 89. Rd7+ {[%emt 0:00:50]} Kg8 {[%emt 0:00:08]} 90. Ra7 {[%emt 0:00:35]} Kh8 {[%emt 0:00:13]} 91. Kf3 {[%emt 0:00:29]} Kg8 {[%emt 0:00:06]} 92. Ke3 {[%emt 0:00:23]} Kf8 {[%emt 0:00:24]} 93. Kd4 {[%emt 0:00:09]} Kg8 {[%emt 0:00:14]} 94. Ke5 {[%emt 0:00:16]} Kf8 {[%emt 0:00:28]} 95. Ke6 {[%emt 0:01:02]} Kg8 {[%emt 0:00:11]} 96. Ke7 {[%emt 0:00:21]} Kg7 {[%emt 0:00:10]} 97. Ra6 {[%emt 0:00:40]} Ng3 {[%emt 0:00:30]} 98. Ke6 {[%emt 0:00:33]} Nh5 {[%emt 0:00:13]} 99. Ra7+ {[%emt 0:00:10]} Kg8 {[%emt 0:00:18]} 100. Ra1 {[%emt 0:00:29]} Kg7 {[%emt 0:00:16]} 101. Rf1 {[%emt 0:00:26]} Kg8 {[%emt 0:00:29]} 102. Ke7 {[%emt 0:00:22]} Kg7 {[%emt 0:00:12]} 103. Rf3 {[%emt 0:00:22]} Kg8 {[%emt 0:00:17]} 104. Rf8+ {[%emt 0:01:51]} Kg7 {[%emt 0:00:07]} 105. Rf3 {[%emt 0:00:39]} Kg8 {[%emt 0:01:40]} 106. Ke6 {[%emt 0:00:06]} Kg7 {[%emt 0:00:08]} 107. Ke5 {[%emt 0:00:04]} Kg8 {[%emt 0:00:13]} 108. Kd4 {[%emt 0:00:15]} Kg7 {[%emt 0:00:08]} 109. Ke3 {[%emt 0:00:04]} Kg8 {[%emt 0:00:05]} 110. Kf2 {[%emt 0:00:05]} Kg7 {[%emt 0:00:05]} 111. Kg1 {[%emt 0:00:12]} Kg8 {[%emt 0:00:10]} 112. Kh2 {[%emt 0:00:06]} Kg7 {[%emt 0:00:27]} 113. Kh3 {[%emt 0:00:05]} Kg8 {[%emt 0:00:07]} 114. Rf2 {[%emt 0:00:05]} Kg7 {[%emt 0:00:08]} 115. Kg4 {[%emt 0:00:05]} Kg8 {[%emt 0:00:08]} 116. Rb2 {[%emt 0:00:39]} Kg7 {[%emt 0:00:25]} 117. Rb6 {[%emt 0:00:06]} Kg8 {[%emt 0:14:10]} 1/2-1/2

[Event "ISR-ch Open 2018"]
[Site "Ma'alot-Tarshih"]
[Date "2018.12.17"]
[Round "6"]
[White "Emanuel, Yahav"]
[Black "Gleizer, Mark"]
[Result "1-0"]
[WhiteElo "2221"]
[BlackElo "2186"]
[Annotator "NA"]
[PlyCount "93"]
[EventDate "2018.12.12"]
[EventType "swiss"]
[EventCountry "ISR"]
[SourceTitle "playchess.com"]
[Source "ChessBase"]
[SourceQuality "1"]
[TimeControl "40/5400+30:1800+30"]

1. e4 {[%emt 0:00:00]} e5 {[%emt 0:00:00]} 2. Nf3 {[%emt 0:00:00]} d6 {[%emt 0:00:00]} 3. d4 {[%emt 0:00:00]} Nf6 {[%emt 0:00:00]} 4. Nc3 {[%emt 0:00:03]} Nbd7 {[%emt 0:00:00]} 5. Bc4 {[%emt 0:01:28]} Be7 {[%emt 0:00:07]} 6. O-O {[%emt 0:00:15]} c6 {[%emt 0:00:52]} 7. a4 {[%emt 0:08:41]} a5 {[%emt 0:00:24]} 8. Qe2 {[%emt 0:03:55]} O-O {[%emt 0:01:06]} 9. h3 {[%emt 0:01:08]} Qc7 {[%emt 0:03:16]} 10. Rd1 {[%emt 0:06:53]} Nb6 {[%emt 0:03:20] LiveBook: 3 Games C41: Philidor Defence} (10... exd4 11. Nxd4 Re8 12. Bf4 Bf8 13. Nf5 Ne5 14. Ng3 Be6 15. Bxe6 Rxe6 16. b3 Rae8 17. Rd4 Ng6 18. Qd2 Nxf4 19. Qxf4 {0-1 (53) Macieja,B (2629)-Cyborowski,L (2543) Warsaw 2003}) 11. Bb3 {[%emt 0:05:00]} Nfd7 {[%emt 0:01:05]} 12. Be3 {[%emt 0:05:34]} exd4 {[%emt 0:01:14]} 13. Bxd4 {[%emt 0:00:30]} Ne5 {[%emt 0:02:19]} 14. Rd2 $146 {[%emt 0:05:15]} ({Predecessor:} 14. Ne1 Ng6 15. f4 Kh8 16. Qf2 Nd7 17. g3 Nc5 18. Bxc5 dxc5 {0-1 (37) Kosakowski,J (1950)-Nester,I (2247) Rewal 2014}) 14... Ng6 {[%emt 0:02:52]} 15. Rad1 {[%emt 0:03:43]} Be6 {[%emt 0:04:37]} 16. Bxe6 {[%emt 0:08:40]} fxe6 {[%emt 0:00:04]} 17. Bxb6 {[%emt 0:10:20]} Qxb6 {[%emt 0:00:19]} 18. Qc4 {[%emt 0:00:18]} d5 {[%emt 0:06:40]} ({Better is} 18... Nf4 $15 19. Ne2 d5) 19. exd5 {[%emt 0:06:51]} exd5 {[%emt 0:06:37] [#]} 20. Rxd5 $1 {[%emt 0:00:08]} cxd5 {[%emt 0:00:19]} 21. Nxd5 {[%emt 0:00:07]} Qa6 {[%emt 0:00:23]} 22. Nxe7+ {[%emt 0:00:09]} Kh8 $11 {[%emt 0:00:07]} 23. Qxa6 {[%emt 0:01:27]} Rxa6 {[%emt 0:00:37]} 24. Nxg6+ {[%emt 0:01:48]} Rxg6 {[%emt 0:00:24]} 25. Rd5 {[%emt 0:01:35]} b6 {[%emt 0:08:28]} 26. Ne5 {[%emt 0:03:46]} Re6 {[%emt 0:04:12]} 27. h4 {[%emt 0:01:44]} g6 {[%emt 0:01:33]} 28. g3 {[%emt 0:00:50]} h6 {[%emt 0:03:52]} 29. f4 {[%emt 0:01:23]} Kg8 {[%emt 0:03:50]} 30. Kf2 {[%emt 0:03:50]} Rc8 {[%emt 0:13:50]} 31. c4 {[%emt 0:01:05]} Kf8 {[%emt 0:02:53]} 32. g4 {[%emt 0:05:44]} Ke8 {[%emt 0:00:48]} 33. b3 {[%emt 0:04:24]} Rc7 {[%emt 0:02:47]} 34. Kf3 {[%emt 0:01:01]} h5 {[%emt 0:01:28]} 35. gxh5 {[%emt 0:04:18]} gxh5 {[%emt 0:00:08]} 36. f5 {[%emt 0:00:55]} Rf6 {[%emt 0:01:02]} 37. Ng6 {[%emt 0:02:16]} Kf7 {[%emt 0:05:09]} 38. Kf4 {[%emt 0:00:56]} Kg7 {[%emt 0:02:58]} 39. Kg5 {[%emt 0:01:50]} Rcf7 {[%emt 0:00:58]} 40. Nf4 {[%emt 0:00:45]} Kh7 {[%emt 0:05:18]} 41. Ne6 {[%emt 0:05:08]} Kg8 {[%emt 0:07:06]} 42. c5 {[%emt 0:00:43]} bxc5 {[%emt 0:04:31]} 43. Rxc5 {[%emt 0:00:14]} Kh7 {[%emt 0:01:37]} 44. Rxa5 {[%emt 0:00:11]} Rh6 {[%emt 0:00:14]} 45. Rb5 {[%emt 0:01:02]} Rff6 {[%emt 0:03:04]} 46. Rb7+ {[%emt 0:01:29]} Kg8 {[%emt 0:00:24]} 47. Re7 {[%emt 0:00:25]} 1-0

[Event "ISR-ch Open 2018"]
[Site "Ma'alot-Tarshih"]
[Date "2018.12.18"]
[Round "7"]
[White "Postny, Evgeny"]
[Black "Smirin, Ilia"]
[Result "1-0"]
[WhiteElo "2615"]
[BlackElo "2609"]
[Annotator "TA"]
[PlyCount "81"]
[EventDate "2018.12.11"]
[EventType "swiss"]
[EventCountry "ISR"]
[SourceTitle "playchess.com"]
[Source "ChessBase"]
[SourceQuality "1"]

{[%evp 23,81,83,89,81,81,70,74,70,82,59,94,39,39,42,65,43,56,41,41,42,39,41,37,35,42,36,41,28,35,35,31,36,53,43,80,46,67,72,96,72,443,443,434,406,431,442,441,442,405,430,431,427,419,411,454,445,492,478,529,529]} 1. d4 Nf6 2. c4 g6 3. Nc3 Bg7 4. e4 d6 5. Nf3 O-O 6. Be2 e5 7. d5 Na6 8. Be3 Ng4 9. Bg5 {[%cal Be3g5,Bg5h4,Bh4f2][%mdl 32]} f6 10. Bh4 h5 {E92: King's Indian: Classical: 6 Be2 e5: 7 dxe5, 7 Be3 and Petrosian System without 7...Nbd7} 11. Nd2 c5 12. h3 Nh6 {LiveBook: 11 Games. White is better.} 13. f3 Nf7 14. a3 Bh6 15. Bf2 Bd7 $146 ({Predecessor:} 15... Kg7 16. Bd3 Rh8 17. h4 f5 18. exf5 gxf5 {1-0 (41) Romanov,E (2636)-Vantika,A (2295) Biel 2018}) 16. Bd3 Kg7 17. Rb1 ({Better is} 17. Qc2 $16) 17... f5 $14 18. h4 Nc7 19. b4 b6 20. Ne2 f4 21. Bc2 Qe8 22. Nc3 Kh7 23. Ba4 Bg7 24. Bxd7 Qxd7 25. bxc5 dxc5 26. a4 Na6 27. a5 Nb4 28. Ke2 Rfc8 29. Qa4 Qb7 30. Na2 Bf8 31. Rhc1 Qa6 $2 {[%mdl 8192]} (31... Nxa2 $16 32. Qxa2 Bd6) 32. Nxb4 $18 cxb4 33. Qd7 Kg7 {intending ...Bc5.} 34. axb6 {[#] b7 is the strong threat.} Rd8 35. b7 Rab8 36. Qc6 Qxb7 37. Qxb7 Rxb7 38. Nb3 ({Less strong is} 38. c5 Rb5 $18) 38... Rc8 39. c5 {White is clearly winning.} Rb5 40. Ra1 Ra8 41. Ra6 {Accuracy: White = 59%, Black = 47%.} 1-0

[Event "ISR-ch Open 2018"]
[Site "Ma'alot-Tarshih"]
[Date "2018.12.18"]
[Round "7"]
[White "Baron, Tal"]
[Black "Kobo, Ori"]
[Result "0-1"]
[WhiteElo "2532"]
[BlackElo "2494"]
[Annotator "ChessBase"]
[PlyCount "68"]
[EventDate "2018.12.11"]
[EventType "swiss"]
[EventCountry "ISR"]
[SourceTitle "playchess.com"]
[Source "ChessBase"]
[SourceQuality "1"]
[TimeControl "40/5400+30:1800+30"]

1. e4 {[%emt 0:00:00]} c5 {[%emt 0:00:00]} 2. Nc3 {[%emt 0:00:00]} Nc6 {[%emt 0:00:07]} 3. Nge2 {[%emt 0:00:39]} Nf6 {[%emt 0:00:36]} 4. d4 {[%emt 0:00:37]} cxd4 {[%emt 0:00:05]} 5. Nxd4 {[%emt 0:00:02]} d6 {[%emt 0:00:08]} 6. Bc4 {[%emt 0:04:51]} Qb6 {[%emt 0:03:36]} 7. Nb3 {[%emt 0:03:20]} e6 {[%emt 0:05:28]} 8. Qe2 {[%emt 0:14:37]} Be7 {[%emt 0:05:52]} 9. Be3 {[%emt 0:03:20]} Qc7 {[%emt 0:00:28]} 10. g4 {[%emt 0:15:27]} a6 {[%emt 0:09:34]} 11. Bd3 {[%emt 0:03:28]} b5 {[%emt 0:04:07]} 12. g5 {[%emt 0:01:22]} Nd7 {[%emt 0:00:07]} 13. h4 {[%emt 0:04:30]} Bb7 {[%emt 0:03:59]} 14. f4 {[%emt 0:01:47]} Nc5 {[%emt 0:04:28]} 15. Qf2 {[%emt 0:04:49]} Nb4 {[%emt 0:03:03]} 16. Nxc5 {[%emt 0:00:59]} dxc5 {[%emt 0:00:30]} 17. Bf1 {[%emt 0:00:21]} Rd8 {[%emt 0:16:36]} 18. Bg2 {[%emt 0:01:09]} Rd3 {[%emt 0:03:36]} 19. Rh3 {[%emt 0:05:06]} Rd7 {[%emt 0:01:47]} 20. Kf1 {[%emt 0:00:54]} O-O {[%emt 0:05:23]} 21. Kg1 {[%emt 0:00:08]} f5 {[%emt 0:03:22]} 22. a3 {[%emt 0:01:29]} Nc6 {[%emt 0:00:11]} 23. exf5 {[%emt 0:00:53]} Rxf5 {[%emt 0:00:11]} 24. Ne4 {[%emt 0:00:45]} Ne5 {[%emt 0:02:09]} 25. Qe2 {[%emt 0:01:05]} Ng6 {[%emt 0:03:11]} 26. Rf1 {[%emt 0:02:20]} Nxf4 {[%emt 0:12:27]} 27. Bxf4 {[%emt 0:01:21]} Rxf4 {[%emt 0:00:01]} 28. Re1 {[%emt 0:16:46]} c4 {[%emt 0:03:46]} 29. Kh1 {[%emt 0:02:48]} Rd4 {[%emt 0:01:53]} 30. Nf2 {[%emt 0:04:13]} Bxg2+ {[%emt 0:00:39]} 31. Kxg2 {[%emt 0:00:02]} Qc6+ {[%emt 0:00:37]} 32. Rf3 {[%emt 0:01:34]} e5 {[%emt 0:02:15]} 33. Kg3 {[%emt 0:00:07]} Rd2 {[%emt 0:00:50]} 34. Qe3 {[%emt 0:00:55]} Bc5 {[%emt 0:00:33]} 0-1

[Event "ISR-ch Open 2018"]
[Site "Ma'alot-Tarshih"]
[Date "2018.12.18"]
[Round "7"]
[White "Steinberg, Nitzan"]
[Black "Mikhalevski, Victor"]
[Result "1/2-1/2"]
[WhiteElo "2532"]
[BlackElo "2579"]
[Annotator "ChessBase"]
[PlyCount "42"]
[EventDate "2018.12.11"]
[EventType "swiss"]
[EventCountry "ISR"]
[SourceTitle "playchess.com"]
[Source "ChessBase"]
[SourceQuality "1"]
[TimeControl "40/5400+30:1800+30"]

1. e4 {[%emt 0:00:00]} e5 {[%emt 0:04:02]} 2. Nf3 {[%emt 0:00:00]} Nc6 {[%emt 0:00:06]} 3. Bb5 {[%emt 0:00:00]} g6 {[%emt 0:00:10]} 4. c3 {[%emt 0:00:53]} Bg7 {[%emt 0:00:14]} 5. d4 {[%emt 0:01:06]} exd4 {[%emt 0:00:07]} 6. cxd4 {[%emt 0:00:05]} a6 {[%emt 0:00:04]} 7. Bxc6 {[%emt 0:03:04]} dxc6 {[%emt 0:00:22]} 8. Nc3 {[%emt 0:00:33]} Nf6 {[%emt 0:11:23]} 9. O-O {[%emt 0:07:14]} h6 {[%emt 0:09:28]} 10. h3 {[%emt 0:09:36]} O-O {[%emt 0:00:22]} 11. Re1 {[%emt 0:01:44]} b6 {[%emt 0:29:42]} 12. Bf4 {[%emt 0:16:53]} Bb7 {[%emt 0:00:29]} 13. Qd2 {[%emt 0:02:36]} Kh7 {[%emt 0:00:44]} 14. Rad1 {[%emt 0:02:46]} Qe7 {[%emt 0:09:13]} 15. Be5 {[%emt 0:05:04]} Rae8 {[%emt 0:07:59]} 16. d5 {[%emt 0:10:35]} cxd5 {[%emt 0:03:10]} 17. exd5 {[%emt 0:00:35]} Qd8 {[%emt 0:00:42]} 18. Qd4 {[%emt 0:02:53]} Nh5 {[%emt 0:04:03]} 19. Bxg7 {[%emt 0:04:43]} Rxe1+ {[%emt 0:01:35]} 20. Rxe1 {[%emt 0:00:53]} Nxg7 {[%emt 0:00:05]} 21. g4 {[%emt 0:03:37]} c6 {[%emt 0:05:20]} 1/2-1/2

[Event "ISR-ch Open 2018"]
[Site "Ma'alot-Tarshih"]
[Date "2018.12.18"]
[Round "7"]
[White "Dvoirys, Semen I."]
[Black "Galburd, Yan"]
[Result "1-0"]
[WhiteElo "2528"]
[BlackElo "2382"]
[Annotator "ChessBase"]
[PlyCount "69"]
[EventDate "2018.12.11"]
[EventType "swiss"]
[EventCountry "ISR"]
[SourceTitle "playchess.com"]
[Source "ChessBase"]
[SourceQuality "1"]
[TimeControl "40/5400+30:1800+30"]

1. e4 {[%emt 1:30:30]} e5 {[%emt 0:04:28]} 2. Nf3 {[%emt 0:00:00]} Nf6 {[%emt 0:00:28]} 3. Nxe5 {[%emt 0:00:00]} d6 {[%emt 0:00:08]} 4. Nf3 {[%emt 0:00:00]} Nxe4 {[%emt 0:00:07]} 5. d4 {[%emt 0:00:00]} d5 {[%emt 0:00:17]} 6. Bd3 {[%emt 0:00:00]} Bf5 {[%emt 0:00:11]} 7. O-O {[%emt 0:00:00]} Be7 {[%emt 0:00:23]} 8. Re1 {[%emt 0:00:00]} O-O {[%emt 0:01:31]} 9. Nbd2 {[%emt 0:00:00]} Nd6 {[%emt 0:02:07]} 10. Nf1 {[%emt 0:00:00]} Nd7 {[%emt 0:18:07]} 11. Ng3 {[%emt 0:00:00]} Bxd3 {[%emt 0:09:02]} 12. Qxd3 {[%emt 0:00:00]} Nf6 {[%emt 0:00:18]} 13. Bf4 {[%emt 0:00:00]} g6 {[%emt 0:03:00]} 14. Re2 {[%emt 0:00:00]} Nde4 {[%emt 0:02:51]} 15. Qb3 {[%emt 0:00:00]} Bd6 {[%emt 0:09:32]} 16. Be5 {[%emt 0:00:00]} Bxe5 {[%emt 0:16:09]} 17. dxe5 {[%emt 0:00:00]} Nc5 {[%emt 0:00:03]} 18. Qe3 {[%emt 0:00:00]} Nfd7 {[%emt 0:00:35]} 19. Rd1 {[%emt 0:00:00]} c6 {[%emt 0:00:41]} 20. c4 {[%emt 0:00:00]} Qa5 {[%emt 0:08:43]} 21. cxd5 {[%emt 0:00:00]} cxd5 {[%emt 0:00:07]} 22. Rxd5 {[%emt 0:00:00]} Qxa2 {[%emt 0:00:11]} 23. Red2 {[%emt 0:00:00]} Nb6 {[%emt 0:02:31]} 24. Rxc5 {[%emt 0:00:00]} Nc4 {[%emt 0:00:02]} 25. Rxc4 {[%emt 0:00:00]} Qxc4 {[%emt 0:00:02]} 26. Rd4 {[%emt 0:00:00]} Qc7 {[%emt 0:02:39]} 27. h4 {[%emt 0:00:00]} Rac8 {[%emt 0:00:40]} 28. Rd1 {[%emt 0:00:00]} Qc2 {[%emt 0:03:14]} 29. Re1 {[%emt 0:00:00]} f6 {[%emt 0:02:06]} 30. exf6 {[%emt 0:00:00]} Rxf6 {[%emt 0:00:03]} 31. Ne4 {[%emt 0:00:00]} Rb6 {[%emt 0:02:45]} 32. Qd4 {[%emt 0:00:00]} Rf8 {[%emt 0:02:05]} 33. Neg5 {[%emt 0:00:00]} h6 {[%emt 0:03:36]} 34. Re7 {[%emt 0:00:00]} Qd1+ {[%emt 0:02:00]} 35. Qxd1 {[%emt 0:00:00]} 1-0